| 000 | 00728cam a2200229 a 4500 | ||
|---|---|---|---|
| 001 | ca 28000277 | ||
| 003 | DLC | ||
| 005 | 20260227111119.0 | ||
| 008 | 830126s1924 ksuc 000 0 eng | ||
| 010 | _aca 28000277 | ||
| 040 |
_aDLC _cDLC _dDLC |
||
| 050 | 1 | 0 |
_aPS1152 _b.C7 |
| 050 | 0 | 0 | _aMicrofilm 78599 PS |
| 051 |
_aAC1 _b.L8 no. 740 |
||
| 100 | 1 |
_aBryant, William Cullen, _d1794-1878. |
|
| 240 | 1 | 0 |
_aPoems. _kSelections |
| 245 | 1 | 0 |
_aPoems of William Cullen Bryant / _cedited, with introduction and notes, by Nelson Antrim Crawford. |
| 260 |
_aGirard, Kan. : _bHaldeman-Julius Co., _cc1924. |
||
| 300 |
_a64 p. : _bport. ; _c13 cm. |
||
| 440 | 0 |
_aLittle blue book ; _vno. 740 |
|
| 700 | 1 |
_aCrawford, Nelson Antrim, _d1888- |
|
| 999 |
_c16351 _d16351 |
||